Kommunismus und Nation
| Titel: | Kommunismus und Nation |
|---|---|
| Verfasser: | |
| In: |
Neue politische Literatur, Band 52, Heft 2 (2007), Seite 356-358 alle Artikel anzeigen |
| Veröffentlicht: | 2007 |
| Format: | Aufsatz |
| Sprache: | Deutsch |
X
alg: 39498204
001A $01999:12-11-16
001B $01999:04-08-21 $t21:01:08.000
001C $06050:19-11-16 $t08:31:56.000
001D $01999:12-11-16
001U $0utf8
001X $00
002@ $0Aox
003@ $0394982045
007A $0394982045 $aHEB
007T $0Herdc0057951m
010@ $ager
011@ $a2007
021A $aKommunismus und Nation
028A $#Behrends, J. C. $#Behrends, Jan Claas $#Berends, Ja. K. $#Berends, Jan K. $7130502375 $8Behrends, Jan C.$Z1969- [Tp3] $9160668433
031A $d52 $e2 $h356-358 $j2007
039B $aIn $8--Abvc--. Neue politische Literatur. - Wiesbaden : Springer VS, 1956-. - ISSN 0028-3320 $x200700000520002644 $9046846980
039T $8--Aau--Abrams, Bradley F.$Z1964- [Tp3]. The @struggle for the soul of the nation. - Lanham {[u.a.], Md. : Rowman & Littlefield, 2004. - VIII, 363 S.. - ISBN 978-0-7425-3024-9 $9121520951
045F $a900.94371 $eDDC23BSB
045F/01 $a900
045F/03 $g4371
045T $a3,6
lok: 39498204 78
exp: 39498204 78 1 #EPN
201B/01 $026-11-17 $t03:51:45.000
201U/01 $0utf8
203@/01 $0791280659
208@/01 $a12-11-16 $be
209A/01 $a/ $f000 $x00
220C/01 $aTitelaufnehmer: gk
220C/01 $aHerkunft: HI Marburg
244Z/01 $#Tschechien $#Tschechische Republik $#Tschechische Republik $#Tschechenland $#Tschechei Tschechien $#Česká Republika $#Czech Republic $#ČR $74303381-7 $8--Tg1--Tschechien $x01 $9086659812
244Z/01 $2Trx $#Böhmen $#Bohemia $#Czechy $8--Trx--Čechy $x02 $9391188941
244Z/01 $2Trx $#arvustused $#recenzijos $#Reviews $#recenziók $#recenzje $#recenzie $#recenze $8--Trx--Rezensionen $x03 $9391357441
247C/01 $82080>Marburg/Lahn, Herder-Institut, Forschungsbibliothek, Bibliographieportal $9336309341
| LEADER | 00000caa a22000002c 4500 | ||
|---|---|---|---|
| 001 | 394982045 | ||
| 003 | DE-603 | ||
| 005 | 20210804210108.0 | ||
| 007 | tu | ||
| 008 | 161112s2007 xx |||| | u00||u|ger c | ||
| 035 | |a (DE-599)HEB394982045 | ||
| 040 | |a DE-603 |b ger |c DE-603 |d DE-603 | ||
| 041 | |a ger | ||
| 082 | 0 | 4 | |8 1\u |a 900.94371 |q DE-101 |2 23/BSB |
| 084 | |a 3,6 |2 ssgn | ||
| 085 | |8 1\u |b 900 | ||
| 085 | |8 1\u |z 2 |s 4371 | ||
| 100 | 1 | |a Behrends, Jan C. |d 1969- |0 (DE-603)160668433 |0 (DE-588)130502375 |2 gnd | |
| 245 | 0 | 0 | |a Kommunismus und Nation |
| 264 | 0 | |c 2007 | |
| 773 | 0 | 8 | |i In |t Neue politische Literatur |d Wiesbaden : Springer VS, 1956- |x 0028-3320 |g Band 52, Heft 2 (2007), Seite 356-358 |w (DE-603)046846980 |w (DE-600)3402-2 |
| 787 | 0 | 8 | |i Rezension von |a Abrams, Bradley F., 1964- |t The struggle for the soul of the nation |d Lanham [u.a.], Md. : Rowman & Littlefield, 2004 |h VIII, 363 S. |z 9780742530249 |z 074253023X |w (DE-603)121520951 |
| 924 | 0 | |9 2080 |a (DE-603)791280659 |b DE-2080 |c HES |d d |g / | |


